Statistieken voor Steden naar landen - Europa

Klik hier om de quiz te nemen!

Algemene statistieken

  • Deze quiz is 444 keer genomen
  • De gemiddelde score is 94 van 160

Antwoordstatistieken

VraagVakSelect% Correct
FrankrijkParijsJa
98%
FrankrijkAarlenNee
95%
FrankrijkWaverNee
95%
FrankrijkBazelNee
94%
FrankrijkLyonJa
94%
FrankrijkMarseilleJa
93%
FrankrijkNiceJa
88%
DuitslandBerlijnJa
85%
DuitslandFrankfurtJa
85%
DuitslandMalmédyNee
85%
DuitslandHamburgJa
84%
FrankrijkToulouseJa
82%
DuitslandKeulenJa
79%
SpanjeMadridJa
79%
FrankrijkCharleroiNee
77%
DuitslandAalborgNee
76%
FrankrijkLausanneNee
76%
NederlandAmsterdamJa
75%
SpanjeRiminiNee
75%
SpanjeValenciaJa
75%
BelgiëValenciennesNee
75%
BelgiëAntwerpenJa
74%
BelgiëBrusselJa
74%
NederlandDen HaagJa
74%
FrankrijkDinantNee
74%
NederlandMolNee
74%
NederlandRotterdamJa
74%
NederlandUtrechtJa
74%
BelgiëDusseldorfNee
73%
NederlandGeelNee
73%
BelgiëGentJa
73%
NederlandGroningenJa
73%
het Verenigd KoninkrijkLondenJa
73%
ItaliëRomeJa
73%
SpanjeTarbesNee
73%
het Verenigd KoninkrijkArrasNee
72%
ItaliëCoperNee
72%
het Verenigd KoninkrijkLanionNee
72%
het Verenigd KoninkrijkManchesterJa
72%
ItaliëMentonNee
72%
ItaliëMilaanJa
72%
FrankrijkMonacoNee
72%
BelgiëNancyNee
72%
SpanjeBayonneNee
71%
NederlandBredaJa
71%
NederlandBruggeNee
71%
het Verenigd KoninkrijkCalaisNee
71%
DuitslandEupenNee
71%
NederlandKleefNee
71%
het Verenigd KoninkrijkLensNee
71%
FrankrijkNantesJa
71%
DuitslandPilsenNee
71%
DuitslandZurichNee
71%
BelgiëLuikJa
70%
BelgiëMiddelburgNee
70%
SpanjePauNee
70%
DuitslandLeipzigJa
69%
SpanjePotenzaNee
69%
BelgiëMaastrichtNee
68%
ItaliëNapelsJa
68%
ItaliëTendeNee
68%
NederlandArnhemJa
67%
SpanjeBragaNee
67%
NederlandLeidenJa
67%
RuslandMoskouJa
66%
ItaliëMurciaNee
66%
het Verenigd KoninkrijkNottinghamJa
66%
SpanjeSalernoNee
66%
NederlandTurnhoutNee
66%
ItaliëAjaccioNee
65%
RuslandKievNee
65%
FrankrijkRennesJa
65%
RuslandRigaNee
65%
het Verenigd KoninkrijkBrestNee
64%
DuitslandInnsbruckNee
64%
BelgiëVerdunNee
64%
FrankrijkGenèveNee
63%
RuslandVilniusNee
63%
BelgiëHasseltJa
62%
PolenPraagNee
62%
RuslandSint-PetersburgJa
62%
IerlandDublinJa
61%
NederlandEmdenNee
61%
BelgiëGenkJa
61%
RuslandTallinnNee
61%
PolenWarschauJa
61%
het Verenigd KoninkrijkBaltimoreNee
60%
PolenBrestNee
60%
ItaliëSevillaNee
60%
het Verenigd KoninkrijkBristolJa
59%
PolenBrnoNee
57%
PolenLiberecNee
57%
BelgiëAkenNee
56%
RuslandMinskNee
56%
IerlandNewcastleNee
56%
DuitslandStraatsburgNee
56%
het Verenigd KoninkrijkLeedsJa
55%
IerlandLeicesterNee
55%
ItaliëLucarnoNee
55%
NederlandMaaseikNee
55%
IerlandBirminghamNee
54%
SpanjeCataniaNee
54%
RuslandDonetskNee
54%
PolenKosiceNee
54%
NederlandMeppenNee
54%
BelgiëNamenJa
54%
DuitslandSalzburgNee
54%
IerlandSheffieldNee
54%
RuslandLuhanskNee
53%
ItaliëPalermoJa
53%
RuslandVladivostokJa
53%
PolenKrakauJa
52%
PolenLvivNee
52%
PolenOstravaNee
51%
IerlandCardiffNee
50%
IerlandChesterNee
50%
IerlandEdinburghNee
50%
ItaliëLuganoNee
48%
PolenPresovNee
48%
het Verenigd KoninkrijkWestportNee
48%
RuslandKharkivNee
47%
BelgiëDuinkerkeNee
46%
RuslandVolgogradJa
46%
BelgiëBergenJa
45%
FrankrijkRijselJa
45%
PolenWroclawJa
45%
PolenGdanskJa
43%
IerlandYorkNee
43%
SpanjeZaragozaJa
43%
SpanjeValladolidJa
42%
ItaliëCagliariJa
39%
IerlandCorkJa
39%
het Verenigd KoninkrijkMiddeltonNee
39%
PolenPoznanJa
39%
RuslandSochiJa
39%
het Verenigd KoninkrijkSwanseaJa
39%
DuitslandMaagdenburgJa
38%
DuitslandTrierJa
37%
IerlandGalwayJa
36%
het Verenigd KoninkrijkAberdeenJa
35%
PolenKatowiceJa
35%
SpanjeVigoJa
35%
ItaliëLivornoJa
33%
ItaliëPescaraJa
33%
ItaliëBariJa
32%
IerlandLimerickJa
31%
PolenLodzJa
31%
SpanjeMeridaJa
31%
PolenSzczecinJa
31%
RuslandKazanJa
30%
SpanjeMelillaJa
28%
IerlandKilkennyJa
27%
IerlandWaterfordJa
23%
SpanjeCeutaJa
22%
DuitslandKonstanzJa
21%
IerlandEnnisJa
19%
het Verenigd KoninkrijkLisburnJa
17%
RuslandPermJa
17%
RuslandSamaraJa
17%
IerlandSligoJa
15%

Scoreverdeling

Percentiel versus Aantal Correcte Antwoorden

Procent van Mensen met Elke Score

Uw Scoregeschiedenis

U heeft deze quiz nog niet genomen